Residential construction : Masonry [

Bibliographic Details
Format: Book
Published: New Jersey : Meridian Education Corporation , 2001
Subjects:

MARC

LEADER 00000cam a2200000 7i4500
001 0000014143
005 20111222.0
040 |a INS 
090 0 0 |a VCD 225 
245 1 0 |a Residential construction :   |b Masonry [  |h video disc] 
260 |a New Jersey :   |b Meridian Education Corporation ,   |c 2001 
300 |a 1 videodisc (14 min.) :   |b sd., col., ill. ;   |c 4 3/4 in. 
500 |a Also available in vhs format : VHS 1033 
650 0 |a Masonry 
999 |a 1033   |b VIDEO   |c Open Shelf   |e Default branch 
999 |a VCD0000225   |b VIDEO CD   |c Media Collection   |e Default branch